Ion

Bibliographic Details
Main Author: Rebreanu, Liviu, 1885-1944 (Author)
Other Authors: Bunčáková, Hilda, 1944- (Translator)
Format: Book
Language:Slovak
PhysicalDescription:433 s., 25,79 AH 21 cm
Published: Bratislava Slovenský spisovateľ 1981
Edition:1. vyd.
Series:SPKK Zv. 406.

MARC

LEADER 00000nam a2200000 a 4500
001 vtls001096820
003 SK-MaSNL
005 20260301233122.0
008 250414s1981 xo 0 slo
015 |a SNBA1982/01 
035 |a SNK000039662 
040 |a SNK  |b slo  |c SNK  |e AACR2 
041 0 |a slo 
044 |a xo  |c SK 
080 |a 859.0-3  |2 1981 
100 1 |a Rebreanu, Liviu,  |d 1885-1944  |4 aut  |9 123709 
245 1 0 |a Ion  |c Liviu Rebreanu ; Hilda Bunčáková, Karol Rosmány 
250 |a 1. vyd. 
260 |a Bratislava  |b Slovenský spisovateľ  |c 1981  |e Bratislava  |f Svornosť 
300 |a 433 s., 25,79 AH  |c 21 cm 
366 |e 15000 výtl. 
490 0 |a SPKK  |v Zv. 406. 
700 1 |a Bunčáková, Hilda,  |d 1944-  |4 trl  |9 185532 
700 1 |a Rosmány, Karol,  |d 1937-2022  |4 bkd  |9 194694 
852 |a Slovenská národná knižnica 
954 |a romány dedinské  |a romány sociálne 
958 |a OND 
958 |a LX 
958 |a TL 
958 |a UP 
999 |c 964624  |d 966554 
952 |t P60, <05>, [BOOK], {605}  |a SNK  |b SNK  |y PREZ  |7 0  |p 17A0137277  |o snkSC 52132 D1  |0 0  |1 0  |4 0  |d 1998-05-05  |l 0  |r 2004-12-31 00:00:00  |w 2026-02-24 
952 |a SNK  |b SNK  |y PREZ  |7 0  |p 17A0854430  |o snkSC 52132  |0 0  |1 0  |4 0  |d 2012-08-01  |l 0  |r 2026-02-24 10:33:02  |w 2026-02-24